000 00989nam a22002417a 4500
003 PE SENCICO BE
005 20251020182650.0
008 240125b |||||||| |||| 00| 0 eng d
040 _aPE SENCICO BE
_cPE SENCICO BE
041 _aspa
084 _aI
_aDIS
_a2014
_bM42
100 1 _91893
_aMendoza Quichiz, Victor Jesús
_eautor
245 1 _aAnteproyecto tienda comercial rip curl /
_cVictor Jesús Mendoza Quichiz
260 _aLima :
_c2014
300 _a48 h. :
_bil. col. ;
_c30 cm.
502 _aMonografía de Titulación.-- Servicio Nacional de Capacitación para la Industria de la Construcción. Escuela Superior Técnica. Carrera Profesional Técnica en Diseño de Interiores, 2014
650 1 0 _944
_aDiseño de interiores
650 2 0 _9880
_aCentros comerciales
650 2 0 _91858
_aDecoración de tiendas
710 1 _aServicio Nacional de Capacitación para la Industria de la Construcción.
_bEscuela Superior Técnica
_91065
910 _bhfp
_chfp
942 _cMON
999 _c4518
_d4518